Trilogia (Record no. 11067)
[ view plain ]
| 000 - LÍDER | |
|---|---|
| campo de control de longitud fija | 01257nam a2200229Ia 4500 |
| 008 - ELEMENTOS DE DATOS DE LONGITUD FIJA - INFORMACIÓN GENERAL | |
| campo de control de longitud fija | 0000001981 pr ad 0000000000spa00 |
| 090 ## - NÚMERO DE LLAMADA DE TIPO LC LOCALMENTE ASIGNADO (OCLC) | |
| Número de clasificación (OCLC) (R) | PPR00 R62t |
| 100 1# - ENTRADA PRINCIPAL - NOMBRE PERSONAL | |
| Nombre de la persona | Rodríguez, Myrna |
| 245 10 - TÍTULO DECLARACIÓN | |
| Título | Trilogia |
| Resto del título | : J. Reyes, C. Sobrino, J.R. Velázquez |
| Declaración de responsabilidad | / textos Myrna Rodríguez ; fotografías René Taylor, Antonio de Jesús |
| 260 ## - PUBLICACIÓN, DISTRIBUCIÓN | |
| Lugar de publicación | Ponce (Puerto Rico) : Museo de Arte de Ponce |
| Fecha de publicación | 1981 |
| 300 ## - DESCRIPCIÓN FÍSICA | |
| Alcance | [16] p. |
| Dimensiones | / 22 |
| 500 ## - NOTA GENERAL | |
| Nota general | Exposición realizada en Museo de Arte de Ponce, julio 24 a agosto 31 de 1981 \ Incluye datos biográficos de los artistas \ Registro auspiciado por la FGAA. Bogotá |
| 501 ## - Con nota | |
| Con nota | Joaquin Reyes / Myrna Rodríguez Panorama de Carmelo Sobrino / Haydee Venegas Juan Ramón Velázquez y el triunfo de lo irracional |
| 600 00 - ENTRADA DE SUJETO AÑADIDO - NOMBRE PERSONAL | |
| Nombre de la persona | REYES, JOAQUIN, 1949/ |
| Subdivisión general | TRABAJOS PICTORICOS \ SOBRINO, CARMELO, 1948/ |
| -- | TRABAJOS PICTORICOS \ VELAZQUEZ, JUAN RAMON, 1950/ |
| -- | TRABAJOS PICTORICOS |
| 650 14 - ENTRADA DE SUJETO AÑADIDO - TÉRMINO TÓPICO | |
| Término tópico o elemento de entrada del nombre geográfico | ARTE CONTEMPORANEO PUERTORRIQUEÑO |
| 650 14 - ENTRADA DE SUJETO AÑADIDO - TÉRMINO TÓPICO | |
| Término tópico o elemento de entrada del nombre geográfico | ARTISTAS PLASTICOS PUERTORRIQUEÑOS |
| 650 14 - ENTRADA DE SUJETO AÑADIDO - TÉRMINO TÓPICO | |
| Subdivisión general | CATALOGOS |
| 650 14 - ENTRADA DE SUJETO AÑADIDO - TÉRMINO TÓPICO | |
| Subdivisión general | EXPOSICIONES |
| 650 14 - ENTRADA DE SUJETO AÑADIDO - TÉRMINO TÓPICO | |
| Término tópico o elemento de entrada del nombre geográfico | PINTORES PUERTORRIQUEÑOS |
| 650 14 - ENTRADA DE SUJETO AÑADIDO - TÉRMINO TÓPICO | |
| Término tópico o elemento de entrada del nombre geográfico | PINTURA PUERTORRIQUEÑA |
| 700 1# - ENTRADA AGREGADA - NOMBRE PERSONAL | |
| Nombre de la persona | Ruiz de la Mata, Ernesto J. \ Venegas, Haydee \ Taylor, René \ Jesús, Antonio de |
| Estado de retirada | Pérdida de estatus | Estado dañado | No para préstamo | Código de recogida | Ubicación permanente | Ubicación actual | Ubicación de las estanterías | Fecha de adquisición | Número de llamada completo | Código de barras | Fecha de la última vez que se vio | Número de copia | Precio efectivo desde | Tipo de artículo Koha |
|---|---|---|---|---|---|---|---|---|---|---|---|---|---|---|
| General | ArtNexus | ArtNexus | General | 06/09/2022 | P-PR-00 R62T | 11172 | 06/09/2022 | Ej.1 | 06/09/2022 | Libro |